| 000 | 00916nam a2200193 i 4500 | ||
|---|---|---|---|
| 001 | 81266 | ||
| 003 | ES-MaACL | ||
| 005 | 20230906174414.0 | ||
| 007 | t| | ||
| 008 | 041103s1944 sp ||||1| spa d | ||
| 100 | 1 |
_aHueck, Werner. _964529 |
|
| 245 | 1 | 0 |
_aPatología morfológica _b: exposición de los fundamentos morfológicos de la anatomía patológica general y especial / _cpor Werner Hueck ; con un apéndice relativo a la Patología morfológica de las enfermedades tropicales, escrito expresamente para esta edición española por Walter Büngeler ; traducido del alemán por G. Sánchez Lucas y R. Alvarez Zamora. |
| 260 |
_aBarcelona : _bLabor, _c1944 ( _fTall. Graf. Ibero-Americanos) |
||
| 300 |
_aXV, 811 p. : _bil. ; _c26 cm. |
||
| 700 | 1 |
_aBüngeler, Walter. _932551 |
|
| 700 | 1 |
_aSánchez-Lucas, Julio G. _9102737 |
|
| 700 | 1 |
_aAlvarez Zamora, Ramiro. _921007 |
|
| 852 |
_aES-MaACL _jE-117 _bR.20447 |
||
| 999 |
_c81266 _d81266 |
||